| 000 | 01394nam a2200313 i 4500 | ||
|---|---|---|---|
| 003 | CO-ViMGA | ||
| 005 | 20230915224422.0 | ||
| 008 | 201209s2020 ck a ||b|||||s00| j spa d | ||
| 020 | _a9789585487680 | ||
| 040 |
_aCO-ViMGA _bspa _cCO-ViMGA |
||
| 043 | _as-ck--- | ||
| 084 | _aC ZAP2 | ||
| 100 | 1 |
_aZapata Olivella, Manuel _d1920-2004 _eautor _922981 |
|
| 245 | 1 | 0 |
_aFabulas de Tamalameque / _cManuel Zapata Olivella, Instituto Distrital de las Artes. IDARTES, AlcaldiĀa Mayor de Bogota ; ilustradas por Rafael Yockteng ; edicion e introduccion Antonio GarciĀa Angel |
| 250 | _aEdicion especial | ||
| 300 |
_a105 paginas _bilustraciones _c17 cm |
||
| 490 | 0 |
_aLibro al viento _vnumero 140 |
|
| 490 | 0 | _aPlan Nacional de Lectura y Escritura Leer es mi Cuento / Ministerio de Cultura | |
| 650 | 1 | 7 |
_2LEMB _aAnimales _xCuentos y leyendas _vColecciones _9164441 |
| 650 | 1 | 7 |
_2LEMB _aCuentos infantiles colombianos _ySiglo XX _vColecciones _9164440 |
| 650 | 1 | 7 |
_2LEMB _aFabulas colombianas _vColecciones _9164438 |
| 650 | 1 | 7 |
_2LEMB _aLiteratura colombiana _ySiglo XX _vColecciones _9164439 |
| 651 | 4 |
_aTamalameque (Cesar, Colombia) _vCuentos _9164442 |
|
| 700 | 1 |
_aGarcia Angel, Antonio _d1972- _eeditor _9114357 |
|
| 700 | 1 |
_aYockteng, Rafael, _d1976- _eilustrador _916150 |
|
| 710 |
_aBogota. Alcaldia Mayor _9164443 |
||
| 710 |
_aInstituto Distrital de las Artes. IDARTES _9147419 |
||
| 942 |
_2ddc _cBK |
||
| 999 |
_c8822 _d8822 |
||